000 00420nam a2200181Ia 4500
008 090124s9999 xx 000 0 und d
082 _b32256
100 _aDUTT INDU
245 _aA TAGORE TESTAMENT
250 _a5
260 _bJAICO PUBLISHING HOUSE
_c1992
300 _a114
600 _aDUTT INDU
630 _aA TAGORE TESTAMENT
700 _aDUTT INDU
730 _aA TAGORE TESTAMENT
942 _cBOOK
999 _c98349
_d98349